000 00924nam a2200277 4500
001 438
003 OSt
005 20250627144955.0
008 250627b |||||||e |||| 00| 1 eng d
040 _bpor
041 _hpor
082 _a133.93
_bX3a
100 1 _aXavier, Francisco Cândido
_d1910- 2002
_9966
245 _aAmanhece /
_cXavier, Francisco Cândido com mensagens de Espíritos Diversos
250 _a4 ed.
260 _aSão Paulo
_bGEEM
_c1976
300 _a140 p.
520 _aAtravés de diversos espíritos, formou-se uma despretenciosa galeria de pensamentos, que são criações espirituais necessárias à instalação da paz e da felicidade para a Terra de hoje.
650 0 _aLiteratura Brasileira
_9205
650 0 _aPsicografias
_9485
650 0 _aEspiritismo
_9958
650 0 _aMediunidade
_9166
655 0 _aRomance
_923
700 _aEspíritos Diversos
_9967
942 _2ddc
_n0
_cBK
999 _c438
_d438